000 00686nam a2200229Ia 4500
005 20220107142605.0
008 140110s9999 xx 000 0 und d
020 _a9780140137224
_cRs.450.00
040 _aLoreto College
041 _aEnglish
082 _a302
_bFOU
100 _aFoucault,Michel
245 _aDiscipline and punish
_bThe birth of the prison
_cMichel Foucault. Translated from the French by Alan Sheridan
260 _aLondon
_bPenguin books ltd.
_c1977
300 _a333p.
504 _aIncludes bibliographical references
650 _aSocial psychology
651 _aSociology
700 _aSheridan, Alan, tr.
850 _aLCLIB
_bSociology
942 _cBK
999 _c36590
_d87069